Movies Quiz

Random Movies or Actor Quiz

Killed by Quentin Tarantino Quiz Stats

Quiz Updated Dec 31, 2013

Also try: Actors Kill Actors
Challenge
Share
Tweet
Embed
Score 0/36 Timer 05:00
0 Plays Today
Actor Dead/Alive % Correct
Leonardo DiCaprio???
88.5%
David Carradine???
88%
Lucy Liu???
86.2%
Uma Thurman???
86.1%
Vivica A. Fox???
86.1%
Michael Madsen???
84.8%
Brad Pitt???
84.1%
Diane Kruger???
83.3%
Walton Goggins???
83.1%
Michael Madsen???
83%
Jamie Foxx???
82.5%
Chris Penn???
81.8%
Uma Thurman???
81.7%
Don Johnson???
80.6%
Samuel L. Jacksοn???
79.2%
John Travolta???
78.6%
Bruce Willis???
78.2%
Kurt Russell???
76.8%
Actor Dead/Alive % Correct
Quentin Tarantino???
76.4%
Samuel L. Jackson???
73.9%
Chris Tucker???
73.8%
Kerry Washington???
73%
Tim Rοth???
72.3%
Mélanie Laurent???
68.6%
Pam Grier???
66.8%
Tim Roth???
65.7%
Robert De Niro???
64.7%
Rose McGowan???
63.5%
Harvey Keitel???
62.8%
Eli Roth???
62.5%
Christoph Waltz???
61%
Robert Forster???
55.1%
Michael Keaton???
48.6%
Rosario Dawson???
45.1%
Zoë Bell???
43.5%
Mary Elizabeth Winstead???
37.2%

You're not logged in!

Compare scores with friends on all Sporcle quizzes.
Sign Up with Email
OR
Log In

You Might Also Like...

Show Comments

Extras

Top Quizzes Today


Score Distribution

Your Account Isn't Verified!

In order to create a playlist on Sporcle, you need to verify the email address you used during registration. Go to your Sporcle Settings to finish the process.